LEADER 01268cam--2200385---450- 001 990003218660203316 005 20110223102140.0 010 $a3-88910-294-8 035 $a000321866 035 $aUSA01000321866 035 $a(ALEPH)000321866USA01 035 $a000321866 100 $a20090416-2003----km-y0itay0103----ba 101 1 $ager 102 $aDE 105 $a||||||||001yy 200 1 $a<> ASEAN zwischen Konflikt, Kooperation und Integration$fHarald David 210 $aHamburg$cIFA$d2003 215 $a483 p.$d24 cm 225 2 $aMitteilungen des Instituts fur Asienkunde Hamburg$v371 410 0$12001$aMitteilungen des Instituts fur Asienkunde Hamburg$v371 606 0 $aAsia sud-orientale$xRelazioni internazionali$2BNCF 676 $a337.159 700 1$aDAVID,$bHarald$0603602 801 0$aIT$bsalbc$gISBD 912 $a990003218660203316 951 $aXXIII.2.D. 525$b56368 G.$cXXIII.2.D.$d00206579 959 $aBK 969 $aGIU 979 $aIANNONE$b90$c20090416$lUSA01$h1026 979 $aIANNONE$b90$c20090416$lUSA01$h1028 979 $aFIORELLA$b90$c20110223$lUSA01$h1020 979 $aFIORELLA$b90$c20110223$lUSA01$h1021 996 $aASEAN zwischen Konflikt, Kooperation und Integration$91011397 997 $aUNISA LEADER 01192nam0-2200373---450 001 990005684830403321 005 20220408162024.0 035 $a000568483 035 $aFED01000568483 035 $a(Aleph)000568483FED01 035 $a000568483 100 $a19990604d1983----km-y0itay50------ba 101 0 $aita 102 $aIT 105 $ay-------001yy 200 1 $aAlle origini della nuova logica$ecarteggio scientifico con Hilbert Husserl Peano, Russell Vailati [e altri]$fGottlob Frege$ga cura di G. Gabriel$gH. Hermes$gF. Kambartel... [et al. ] 210 $aTorino$cBoringhieri$dc1983 215 $aXXVI, 288 p.$d23 cm 225 1 $aLectio$eLetture di filosofia, logica, matematica 676 $a160$v11 rid.$zita 700 1$aFrege,$bGottlob$f<1848-1925>$04796 702 1$aGabriel,$bG. 702 1$aHermes,$bH. 702 1$aKambartel,$bFriedrich 801 0$aIT$bUNINA$gRICA$2UNIMARC 901 $aBK 912 $a990005684830403321 952 $aP.1 L 163$bBIBL. 57212$fFLFBC 952 $a193 FRE 01$bDip.Filos.323$fFLFBC 952 $aS 1$bs.i.$fDSS 959 $aFLFBC 959 $aDDA 996 $aAlle origini della nuova logica$977929 997 $aUNINA